000 02365nam a2200565 i 4500
001 0350739
003 DO-SdBNP
005 20180221145222.0
007 0350739
008 930920s 1992 sp a spa
016 7 _a
_2BPMSU
017 _a
_b
020 _a843482082X
035 _a
040 _aBPMSU
_bspa
_cBPMSU
_e
041 1 _aspa
_h
080 0 _a
100 1 _aNöstlinger, Christine
_d1936-
240 1 0 _aLiebe Oma, deine Susi /
_lespañol
245 1 0 _aQuerida abuela-- Tu Susi /
_cChristine Nöstlinger ; ilustraciones, Christine Nöstlinger, jr ; traducción, Marinella Terzi
_h
250 _a9ª ed.
260 1 _aMadrid :
_bSM,
_c1992.
300 _a99 p. :
_b il.,
_c19 cm
490 0 _aEl barco de vapor.
_a Serie azul
_v23
_x
521 _aA partir de 7 años.
586 _aPremio Andersen, 1984
700 1 _aNöstlinger, Christine
_d1961-
_eil.
700 1 _aTerzi, Marinella
_etr.
830 _aEl barco de vapor.
_pSerie azul
_v23
942 _2ddc
_cBK
945 _aInventariado, 2018/ YL
956 _a VMATEO
_210
_320160405
_6BPMSU
_80069
980 _aM-BN
_bBNMADRID
_j7/155147
_cSG_RECOLET
980 _aM 49014-2002
_a84-348-2082-X
_aM-BN
_bBNALCALA
_jAHM/731321
_cSALA_ALC
980 _aM 20136-2000
_aM-BN
_bBNALCALA
_jDL/1022692
_cCONSERVACI
980 _aM-BN
_bBNALCALA
_jDL/585303
_cCONSERVACI
980 _aM-BN
_bBNALCALA
_jDL/638264
_cCONSERVACI
980 _aM 37385-1992
_aM-BN
_bBNALCALA
_jDL/686209
_cCONSERVACI
980 _aM 40637-1995
_aM-BN
_bBNALCALA
_jDL/689003
_cCONSERVACI
980 _aM 44643-1996
_aM-BN
_bBNALCALA
_jDL/747179
_cCONSERVACI
980 _aM 44053-1997
_a84-348-2082-X
_aM-BN
_bBNALCALA
_jDL/800432
_cCONSERVACI
980 _aM 32703-1997
_a84-348-2082-X
_aM-BN
_bBNALCALA
_jDL/801596
_cCONSERVACI
980 _aM 16544-1999
_a84-348-2082-X
_aM-BN
_bBNALCALA
_jDL/925211
_cCONSERVACI
980 _aM 206-2001
_a84-348-2082-X
_aM-BN
_bBNALCALA
_jDL/1070287
_cCONSERVACI
980 _aM 26691-2001
_a84-348-2082-X
_aM-BN
_bBNALCALA
_jDL/1120709
_cCONSERVACI
980 _aM 2154-2002
_a84-348-2082-X
_aM-BN
_bBNALCALA
_jDL/1123116
_cCONSERVACI
980 _aM 35771-2002
_a84-348-2082-X
_aM-BN
_bBNALCALA
_jDL/1173219
_cCONSERVACI
980 _aM 49014-2002
_a84-348-2082-X
_aM-BN
_bBNALCALA
_jDL/1202098
_cCONSERVACI
980 _aM 29551-2003
_a84-348-2082-X
_aM-BN
_bBNALCALA
_jDL/1261767
_cCONSERVACI
999 _c9557
_d9557